00672nam a2200193 i 450000100060000000300090000600500170001500700030003200800410003510000290007624500590010525000450016426000350020930000300024470000330027485200320030799900170033995201220035655691ES-MaACL20230906163210.0t|030925s1966 sp ||||1| spa d1 aDeuchar, Denis C.94397310aFonocardiografía clínica / cpor Denis C. Deuchar. a1ª ed. a cargo de A. Martínez Sauret. aBarcelona : bElicien, c1966. a160 p. : bil. ; c24 cm.1 aMartínez Sauret, A.978421 aES-MaACLjC-30167 bR.60139 c55691d55691 00104070aATENEOMbATENEOMcDEPO2d2008-01-17eSCl0oC-30167p1058504r2023-02-23 00:00:00w2023-02-23yMONOGRAFIA